| 000 | 00626nam a2200193 i 4500 | ||
|---|---|---|---|
| 001 | 23851 | ||
| 003 | ES-MaACL | ||
| 005 | 20240522063032.0 | ||
| 007 | t| | ||
| 008 | 021212s1881 it ||||1| ita d | ||
| 100 | 0 |
_aDe Amicis, Edmondo, _d1846-1908 _943032 |
|
| 245 | 1 | 0 |
_aRitratti letterari / _cEdmondo De Amicis. |
| 250 | _a2. ed. | ||
| 260 |
_aMilano : _bFratelli Treves, _c1881. |
||
| 300 |
_a338 p. ; _c19 cm. |
||
| 505 | 8 | _aContiene: Alfonso Daudet. Emilio Zola polemista. Emilio Augier e Alexandro Dumas. L'attore Coquelin. Paolo Deroulede. | |
| 852 |
_aES-MaACL _jF-10002 |
||
| 999 |
_c23851 _d23851 |
||